Commercial lease reform consultation (Record no. 117250)

MARC details
000 -LEADER
fixed length control field 01205cam a2200205 4500
001 - CONTROL NUMBER
control field WB4016-13
008 - FIXED-LENGTH DATA ELEMENTS--GENERAL INFORMATION
fixed length control field 040427n2004 000 0 eng u
035 ## - SYSTEM CONTROL NUMBER
System control number (Sirsi) u126012
245 ## - TITLE STATEMENT
Title Commercial lease reform consultation
260 ## - PUBLICATION, DISTRIBUTION, ETC.
Date of publication, distribution, etc. 2004
490 ## - SERIES STATEMENT
Series statement ODPM News Release
Volume/sequential designation (2004/0106) 23 April 2004 (2)
520 ## - SUMMARY, ETC.
Summary, etc. The government will consult shortly on options to make the commercial lease market fairer and more flexible following the publication of "Monitoring the 2002 code of practice for commercial leases: interim report" from Reading University, which shows that many business tenants are still subject to upward only rent review provisions and other restrictions. RICS criticises this move as premature being based only on the interim review and not the full Reading report. The interim report is available at http://www.odpm.gov.uk/pns//pnattach/20040106/1.pd f; the commercial lease code at http://www.commercialleasecodeew.co.uk/.
590 ## - LOCAL NOTE (RLIN)
Local note WB
590 ## - LOCAL NOTE (RLIN)
Local note WB
650 ## - SUBJECT ADDED ENTRY--TOPICAL TERM
Topical term or geographic name entry element UPWARD ONLY RENT REVIEWS
650 ## - SUBJECT ADDED ENTRY--TOPICAL TERM
Topical term or geographic name entry element COMMERCIAL LEASES
650 ## - SUBJECT ADDED ENTRY--TOPICAL TERM
Topical term or geographic name entry element CODE FOR LEASING BUSINESS PREMISES IN ENGLAND AND WALES
690 ## - LOCAL SUBJECT ADDED ENTRY--TOPICAL TERM (OCLC, RLIN)
Topical term or geographic name as entry element LANDLORD AND TENANT-BUSINESS TENANCIES
942 ## - ADDED ENTRY ELEMENTS (KOHA)
Suppress in OPAC 0
Holdings
Withdrawn status Lost status Source of classification or shelving scheme Damaged status Not for loan Home library Current library Shelving location Date acquired Total Checkouts Full call number Barcode Date last seen Copy number Price effective from Koha item type
    Dewey Decimal Classification     London London News article 27/04/2004   WB4016-13 126012-1001 06/08/2019 1 06/08/2019 News article